The Economic and Fiscal Impacts of Migration on EU Stability

Táto štúdia skúma ekonomické a fiškálne zabezpečenie vyváženej pracovnej sily.

Gespeichert in:
Bibliographische Detailangaben
1. Verfasser: Gavurová, Beáta, 1972-
Weitere Verfasser: Mkiyes, Hussein, 1996-, Mészáros, Róbert, 1988-
Format: Buchkapitel
Sprache:Englisch
Schlagworte:
Tags: Tag hinzufügen
Keine Tags, Fügen Sie das erste Tag hinzu!

MARC

LEADER 00000naa a2200000 4500
001 0297596
005 20250612094447.9
041 0 |a eng 
044 |a GB 
245 1 0 |a The Economic and Fiscal Impacts of Migration on EU Stability  |c Beáta Gavurová, Hussein Mkiyes, Róbert Mészáros 
520 |a Táto štúdia skúma ekonomické a fiškálne zabezpečenie vyváženej pracovnej sily. 
610 2 0 |a imigrácia 
610 2 0 |a stabilita finančná 
610 2 0 |a Európska únia 
100 1 |a Gavurová, Beáta, 1972- 
700 1 |a Mkiyes, Hussein, 1996- 
700 1 |a Mészáros, Róbert, 1988-